Govt. of
Madhya Pradesh

Sustainable Development (Record no. 44501)

MARC details
000 -LEADER
fixed length control field 003760000a22001450004500
003 - CONTROL NUMBER IDENTIFIER
control field MACL
040 ## - CATALOGING SOURCE
Original cataloging agency MACL
090 ## - LOCALLY ASSIGNED LC-TYPE CALL NUMBER (OCLC); LOCAL CALL NUMBER (RLIN)
-- 44962
-- 44960
100 ## - MAIN ENTRY--PERSONAL NAME
Personal name Pati Odile Schwarz-Herion, R. N
245 ## - TITLE STATEMENT
Title Sustainable Development
Remainder of title Issues and Perspectives
260 ## - PUBLICATION, DISTRIBUTION, ETC. (IMPRINT)
Place of publication, distribution, etc. New Delhi
Name of publisher, distributor, etc. D. K Printworld
Date of publication, distribution, etc. 2007
650 ## - SUBJECT ADDED ENTRY--TOPICAL TERM
Topical term or geographic name as entry element Social Problem
942 ## - ADDED ENTRY ELEMENTS (KOHA)
Koha item type Library Membar
Call number prefix 363/ PAT
951 ## - EQUIVALENCE OR CROSS-REFERENCE--GEOGRAPHIC NAME/AREA NAME [OBSOLETE] [CAN/MARC only]
-- 363/ PAT BOOK

No items available.